KOHA-Header-6

Reading through colour (Record no. 13523)

000 -LEADER
fixed length control field 00312nam a22001337a 4500
020 ## - INTERNATIONAL STANDARD BOOK NUMBER
ISBN 9780470851166
082 ## - DEWEY DECIMAL CLASSIFICATION NUMBER
Classification number 372.41
Item number WIL
100 ## - MAIN ENTRY--AUTHOR NAME
Personal name Arnold Wilkins
245 ## - TITLE STATEMENT
Title Reading through colour
260 ## - PUBLICATION, DISTRIBUTION, ETC. (IMPRINT)
Place of publication England
Name of publisher Wiley
Year of publication 2003
300 ## - PHYSICAL DESCRIPTION
Number of Pages xv, 156 pages
650 ## - SUBJECT ADDED ENTRY--TOPICAL TERM
Topical Term Reading, colour, Education
942 ## - ADDED ENTRY ELEMENTS (KOHA)
Koha item type Books
Holdings
Withdrawn status Lost status Collection code Permanent Location Current Location Shelving location Date acquired Full call number Accession Number Koha item type
    English Literature MAJU MAJU Shelf No.A13 2022-12-07 372.41 WIL 10618 Books

Powered by Koha